Every 1,000,000+ European City on a Map - Statistics

General Stats
  • This quiz has been taken 4,986 times
    1,109 since last reset
  • The average score is 63 of 78
Answers on the Map
Answers color-coded by a green-red scale on the quiz's map according to % correct below.
 
Answer Stats
Population City % Correct
15,400,000 London
99%
19,100,000 Moscow
99%
11,600,000 Paris
99%
4,950,000 Barcelona
98%
4,700,000 Berlin
98%
1,570,000 Dublin
98%
7,000,000 Madrid
98%
6,550,000 Milan
98%
1,290,000 Oslo
98%
3,450,000 Rome
98%
6,350,000 Saint Petersburg
98%
2,600,000 Amsterdam
97%
3,575,000 Athens
97%
16,200,000 Istanbul
97%
3,475,000 Kyiv
97%
2,650,000 Lisbon
97%
6,350,000 Manchester
97%
2,350,000 Stockholm
97%
2,475,000 Warsaw
97%
2,825,000 Brussels
96%
2,500,000 Budapest
96%
1,830,000 Copenhagen
96%
1,580,000 Helsinki
96%
2,400,000 Vienna
96%
4,075,000 Naples
95%
1,560,000 Prague
95%
4,100,000 Birmingham
94%
2,250,000 Bucharest
94%
2,275,000 Munich
94%
1,760,000 Glasgow
93%
2,900,000 Hamburg
93%
2,050,000 Lyon
93%
1,730,000 Marseille
93%
3,500,000 Rotterdam
93%
1,270,000 Sofia
93%
1,660,000 Porto
92%
3,225,000 Frankfurt
91%
2,100,000 Minsk
91%
1,430,000 Belgrade
90%
1,010,000 Nice
90%
1,530,000 Zürich
90%
1,590,000 Turin
88%
1,310,000 Seville
87%
1,990,000 Valencia
87%
2,250,000 Leeds
86%
1,280,000 Antwerp
85%
1,170,000 Bordeaux
83%
1,540,000 Newcastle upon Tyne
83%
1,090,000 Odessa
82%
2,275,000 Stuttgart
81%
1,010,000 Bristol
78%
1,170,000 Toulouse
77%
1,380,000 Donetsk
73%
1,570,000 Kharkiv
73%
1,320,000 Lille
73%
1,130,000 Nuremberg
73%
1,070,000 Leipzig
72%
1,540,000 Sheffield
72%
1,120,000 Málaga
71%
1,200,000 Southampton
71%
1,430,000 Nottingham
65%
1,090,000 Hanover
64%
1,070,000 Volgograd
63%
1,390,000 Rostov-on-Don
61%
1,610,000 Nizhny Novgorod
60%
1,580,000 Kazan
59%
2,175,000 Katowice
57%
1,300,000 Dnipro
55%
1,550,000 Mannheim
54%
1,000,000 Aachen
52%
1,240,000 Ufa
48%
1,070,000 Perm
47%
1,390,000 Krasnodar
45%
1,340,000 Samara
45%
1,080,000 Bielefeld
39%
1,060,000 Padua
36%
1,130,000 Voronezh
35%
1,170,000 Saratov
31%
No matching quizzes found
Score Distribution
Percent of People with Each Score
Percentile by Number Answered
Your Score History
You have not taken this quiz since the last reset